书目信息 |
| 题名: |
光学经纬仪检修和校正
|
|
| 作者: | ;上海市城市建设局测量总队 编 | |
| 分册: | ||
| 出版信息: | 北京 机械工业出版社 1982.9 |
|
| 页数: | 265页 | |
| 开本: | 20cm | |
| 丛书名: | 光学仪器丛书 | |
| 单 册: | ||
| 中图分类: | TH74 | |
| 科图分类: | ||
| 主题词: | 光学仪器 | |
| 电子资源: | ||
| ISBN: | ||
| 000 | 00666nam0 2200193 45 | |
| 001 | 0312221749 | |
| 005 | 20060414090901.34 | |
| 010 | @dCNY0.27 | |
| 100 | @a20031222d1982 km y0chiy0120 ea | |
| 101 | @achi | |
| 200 | 1 | @a光学经纬仪检修和校正@Aguang xue jing wei yi jian xiu he jiao zheng@f上海市城市建设局测量总队编@Fshang hai shi cheng shi jian she ju ce liang zong dui bian |
| 210 | @a北京@c机械工业出版社@d1982.9 | |
| 215 | @a265页@d20cm | |
| 225 | 2 | @a光学仪器丛书 |
| 606 | 0 | @a光学仪器 |
| 690 | @aTH74@v4 | |
| 711 | 0 | @a上海市城市建设局测量总队@Ashang hai shi cheng shi jian she ju ce liang zong dui@4编 |
| 801 | @aCN@bTSTCL@c20060414 | |
| 905 | @a213230@dTH74@e4 | |
| 光学经纬仪检修和校正/上海市城市建设局测量总队编.-北京:机械工业出版社,1982.9 |
| 265页;20cm.-(光学仪器丛书) |
| ISBN :CNY0.27 |
| ● |
| 相关链接 |
|
|
|
|
正题名:光学经纬仪检修和校正
索取号:TH74/4
 
预约/预借
| 序号 | 登录号 | 条形码 | 馆藏地/架位号 | 状态 | 备注 |
| 1 | 0011986 | 202258458 | 密集书库/ [索取号:TH74/4] | 在馆 |